Pod pokles objemu obchodov sa podpísali najmä kótované papiere Príloha Hospodárskych novín
Hodnotenie marcového objemu obchodov na trhu Burzy cenných papierov v Bratislave. Kótované akcie. Nekótované akcie. Podiel dlhopisov na celkovom objeme obchodov BCPB. Vývoj obchodovania na BCPB za 12 mesiacov.
Uložené v:
| Hlavný autor: | |
|---|---|
| Médium: | Kapitola |
| Jazyk: | Slovak |
| Predmet: | |
| Tagy: |
Žiadne tagy, Buďte prvý, kto otaguje tento záznam!
|
MARC
| LEADER | 00000naa a2200000 4500 | ||
|---|---|---|---|
| 001 | r021101 | ||
| 005 | 20230801104705.1 | ||
| 041 | 0 | |a slo | |
| 044 | |a SK | ||
| 245 | 1 | 0 | |a Pod pokles objemu obchodov sa podpísali najmä kótované papiere |b Príloha Hospodárskych novín |c O. Dlugopolská |
| 520 | |a Hodnotenie marcového objemu obchodov na trhu Burzy cenných papierov v Bratislave. Kótované akcie. Nekótované akcie. Podiel dlhopisov na celkovom objeme obchodov BCPB. Vývoj obchodovania na BCPB za 12 mesiacov. | ||
| 610 | 2 | 0 | |a Slovensko |
| 610 | 2 | 0 | |a marec |
| 610 | 2 | 0 | |a 1996 |
| 610 | 2 | 0 | |a trh kapitálový |
| 610 | 2 | 0 | |a burzy |
| 610 | 2 | 0 | |a papiere cenné |
| 610 | 2 | 0 | |a BCP Bratislava |
| 610 | 2 | 0 | |a akcie |
| 610 | 2 | 0 | |a dlhopisy |
| 610 | 2 | 0 | |a obchody burzové |
| 100 | 1 | |a Dlugopolská, O. | |